00895nam a2200229 i 4500003000900000005001700009007000300026008004100029020001800070040003000088041000800118082001900126100003400145245005800179264004700237300002500284336002700309337003300336338002800369500006700397520020100464DO-SdBNP20250811092720.0ta250811t2025 dr 000 0 spa d z9789945295511 aDO-SdBNPbspacBNPHUerda aspa axxxxbM7782221 aMontero, Anahayeautora4aut.14aLas huellas me enseñaron a vivir /cAnahay Montero aSanto Domingo :bEditora Emanuel,c[2025]. a86 páginasc22 cm. atextobtxt2rdacontent asin mediaciónbn2rdamedia avolumenbnc2rdacarrier aIncluye datos biográficos de la autora en la contracubierta. aNo permitas que el mundo y sus golpes borren lo que Dios ha puesto en ti, avanza. Esfuérzate y sé valiente dice su palabra, que el Señor tu Dios estará contigo todos los días de tu vida.